Tešia ich ocenenia štúdium postavené na prioritách...

Bibliographic Details
Main Author: Sopková, Júlia (Author)
Format: Article
Language:Slovak
PhysicalDescription:Fotogr.
ISSN:1336-4030
Subjects:
Online Access:www.vecernik.po.sk

MARC

LEADER 00000nab a2200000 a 4500
001 vtls008981906
003 SK-MaSNL
005 20260303065155.0
008 070418c20070207xo dr n 000 00slo
015 |a SNBRB2007/04SVKPO 
038 |a SVKPOCL 
040 |a SVKPOCL  |b slo  |c AACR2  |e AACR2 
041 |a slo 
044 |a xo  |c SK 
080 |a 377.6(437.6)  |2 2001 
080 |a 37.058  |2 2001 
245 0 0 |a Tešia ich ocenenia  |b štúdium postavené na prioritách...  |c [zhováral sa] Prešovský večerník 
300 |a Fotogr. 
610 2 7 |a Súkromná hotelová akadémia ESO Euroškola (Prešov, Slovensko)  |2 svkpocl  |9 1064859 
650 0 7 |a stredné školy, súkromné  |2 svkpocl  |9 1064857 
651 7 |a Prešov (Slovensko)  |2 svkpocl  |9 17347 
700 1 |a Sopková, Júlia  |4 ive  |4 aut  |9 1064860 
773 0 |t Prešovský večerník  |g Roč. XVIII, č. 4133 (7.2.2007)  |x 1336-4030 
773 0 8 |i Príl.:  |t SpoZoFI  |p Spoločenská zodpovednosť firiem a inštitúcií v regióne Prešov  |g s. 12 
852 |a SVKPO  |b KIS3GCP 
856 4 1 |u www.vecernik.po.sk 
958 |a RG 
999 |c 1750134  |d 1752064